| 000 | 00766nam a2200229Ia 4500 | ||
|---|---|---|---|
| 003 | OSt | ||
| 005 | 20260114095826.0 | ||
| 008 | 220923b |||||||| |||| 00| 0 eng d | ||
| 020 | _a9788125038337 | ||
| 037 | _cGeneral Book | ||
| 040 |
_aRTL _cRTL _beng |
||
| 041 |
_2eng _aeng |
||
| 084 |
_aY:4:62, Q0 _qRTL |
||
| 100 |
_aBandyopadhyay Mahuya _938092 |
||
| 245 | 0 | _aEveryday life in a prison: confinement, surveillance, resistance | |
| 260 |
_a New Delhi _bOrient Blackswan _c2010 |
||
| 300 |
_axvii, 332 p. _bIncludes bibliographical references and index |
||
| 500 | _aGlossary: p 301-03 | ||
| 650 |
_aSociology _9864342 |
||
| 942 |
_hY:4:62, Q0 _cGB _2CC _n0 |
||
| 999 |
_c606163 _d606163 |
||